Hormones and reproduction of vertebrates : (Record no. 172142)

MARC details
000 -LEADER
fixed length control field 01023nam a22002657a 4500
003 - CONTROL NUMBER IDENTIFIER
control field OSt
005 - DATE AND TIME OF LATEST TRANSACTION
control field 20250630143319.0
008 - FIXED-LENGTH DATA ELEMENTS--GENERAL INFORMATION
fixed length control field 250630b |||||||| |||| 00| 0 eng d
020 ## - INTERNATIONAL STANDARD BOOK NUMBER
International Standard Book Number 9780128101896 (hardcover)
040 ## - CATALOGING SOURCE
Original cataloging agency NUST
Language of cataloging eng
Transcribing agency NUST
Modifying agency NUST
Description conventions rda
050 ## - LIBRARY OF CONGRESS CALL NUMBER
Classification number QL639.2 HOR
245 ## - TITLE STATEMENT
Title Hormones and reproduction of vertebrates :
Remainder of title Volume 1 : Fishes /
Statement of responsibility, etc. edited by David O. Norris and Kristin H Lopez.
260 ## - PUBLICATION, DISTRIBUTION, ETC.
Place of publication, distribution, etc. Amsterdam :
Name of publisher, distributor, etc. Elsevier,
Date of publication, distribution, etc. ©2011.
300 ## - PHYSICAL DESCRIPTION
Extent xvii, 270 pages :
Other physical details Illustrations ;
Dimensions 29 cm.
336 ## - CONTENT TYPE
Source rdamedia
Content type term text
Content type code txt
337 ## - MEDIA TYPE
Source rdamedia
Media type term unmediated
Media type code n
338 ## - CARRIER TYPE
Source rdamedia
Carrier type term volume
Carrier type code nc
504 ## - BIBLIOGRAPHY, ETC. NOTE
Bibliography, etc. note Includes bibliographical references and index.
650 ## - SUBJECT ADDED ENTRY--TOPICAL TERM
Form subdivision SCIENCE Life Sciences Zoology General.
650 ## - SUBJECT ADDED ENTRY--TOPICAL TERM
Form subdivision TECHNOLOGY & ENGINEERING Agriculture Animal Husbandry.
650 ## - SUBJECT ADDED ENTRY--TOPICAL TERM
Form subdivision Specific physiological systems in animals.
700 ## - ADDED ENTRY--PERSONAL NAME
Personal name Norris, O David
Relator term Editor
700 ## - ADDED ENTRY--PERSONAL NAME
Personal name Lopez, Kristin H
Relator term Editor
942 ## - ADDED ENTRY ELEMENTS (KOHA)
Source of classification or shelving scheme Library of Congress Classification
Koha item type Ordinary Loan Books
Classification part QL639.2 HOR
Call number prefix QL
Call number suffix HOr
Suppress in OPAC No

No items available.